| 000 | 00922nmc a2200337 a 4500 | ||
|---|---|---|---|
| 003 | AR-BaBNM | ||
| 005 | 20251128204506.0 | ||
| 008 | 115019s1993 ||||||||||||||000 | spa|| | ||
| 020 | _a950-13-6312-0 | ||
| 040 | _cAR-BaBNM | ||
| 100 | 1 | _aMareuil, André [seud] | |
| 245 | 1 | 0 | _aGuía del trabajo cotidiano en el aula |
| 260 |
_aBuenos Aires _bKapelusz _c1993 |
||
| 300 | 0 |
_a307 p. _bil. |
|
| 490 | 0 | _aPedagogía práctica | |
| 500 | 0 | _aTraducción de Susana Pinet | |
| 650 | 4 | _aPEDAGOGIA | |
| 650 | 4 | _aDIDACTICA | |
| 650 | 4 | _aMATERIAL DIDACTICO | |
| 650 | 4 | _aLIBROS DE TEXTO | |
| 650 | 4 | _aMATERIAL DE LA CLASE | |
| 650 | 4 | _aENSENANZA AUDIOVISUAL | |
| 650 | 4 | _aENSENANZA INDIVIDUALIZADA | |
| 650 | 4 | _aTRABAJO EN EQUIPO | |
| 650 | 4 | _aACTIVIDADES DE APRENDIZAJE | |
| 650 | 4 | _aACTIVIDADES FUERA DE PROGRAMA | |
| 700 | 1 | _aLegrand, Jean | |
| 700 | 1 | _aCruchet, Michel | |
| 942 | _cBK | ||
| 998 | _cCarmen | ||
| 999 |
_c7627 _d7627 |
||